书目信息 |
| 题名: |
我所体验的社会主义
|
|
| 作者: | 菊地昌典 著 ;谭美华 译 | |
| 分册: | ||
| 出版信息: | 长春 吉林人民出版社 1983 |
|
| 页数: | 150页 | |
| 开本: | 21cm | |
| 丛书名: | ||
| 单 册: | ||
| 中图分类: | D033.4 | |
| 科图分类: | ||
| 主题词: | 社会主义--研究 | |
| 电子资源: | ||
| ISBN: | ||
| 000 | 00675nam0 2200241 45 | |
| 001 | 0183005451 | |
| 005 | 20060927155358.57 | |
| 010 | @dCNY0.52 | |
| 091 | @a3091.472 | |
| 100 | @a19950413d1983 em y0chiy0121 ea | |
| 101 | 1 | @achi@cjpn |
| 102 | @aCN@b220000 | |
| 105 | @ay z 000yy | |
| 200 | 10 | @a我所体验的社会主义@Awo suo ti yan de she hui zhu yi@f(日)菊地昌典著@g谭美华译 |
| 210 | @a长春@c吉林人民出版社@d1983 | |
| 215 | @a150页@d21cm | |
| 606 | @a社会主义@x研究 | |
| 690 | @aD033.4@v3 | |
| 701 | 0 | @a菊地昌典@Aju di chang dian@4著 |
| 702 | 0 | @a谭美华@Atan mei hua@4译 |
| 801 | 0 | @aCN@bTSSF@c20060927 |
| 801 | 2 | @aCN@bNLC@c20060926 |
| 905 | @a10447@dD033.4@e42 | |
| 我所体验的社会主义/(日)菊地昌典著/谭美华译.-长春:吉林人民出版社,1983 |
| 150页;21cm |
| ISBN :CNY0.52 |
| ● |
| 相关链接 |
|
|
|
|
正题名:我所体验的社会主义
索取号:D033.4/42
 
预约/预借
| 序号 | 登录号 | 条形码 | 馆藏地/架位号 | 状态 | 备注 |
| 1 | 0422394 | 204223946 | 密集书库/ [索取号:D033.4/42] | 在馆 | |
| 2 | 0422395 | 204223955 | 密集书库/ [索取号:D033.4/42] | 在馆 |